Centrum chorvátskej kultúry, Jarovce

Gespeichert in:
Bibliographische Detailangaben
1. Verfasser: Žilková, Romana (Verfasst von)
Weitere Verfasser: Morgenstein, Peter (Betreuung Doktorarbeit)
Format: Manuskript Buch
Sprache:Slowakisch
Veröffentlicht: 2025
Schlagworte:
Online-Zugang:http://is.stuba.sk/zp/portal_zp.pl?podrobnosti=168464
Tags: Tag hinzufügen
Keine Tags, Fügen Sie das erste Tag hinzu!

MARC

LEADER 00000ntm a22000003a 4500
001 stuzp104280
003 SK-STU
005 20250614212855.0
007 ta
008 150427s2015----xo-----f-mn---000-0-slo-d
040 |a STU  |b slo 
041 0 |a slo 
100 1 |a Žilková, Romana  |u 052120  |4 aut  |U FAD Fakulta architektúry a dizajnu  |T FAD Ústav ekologickej a experimentálnej architektúry  |X 115780  |U A2120  |Y 393  |7 115780 
242 0 1 |a Croatian Cultural Center, Jarovce  |y eng 
245 1 0 |a Centrum chorvátskej kultúry, Jarovce 
260 |c 2025 
650 4 |a community  |2 eng 
650 4 |a cultural center  |2 eng 
650 4 |a Croats  |2 eng 
650 4 |a komunita  |2 slo 
650 4 |a Chorváti  |2 slo 
650 4 |a kultúrne centrum  |2 slo 
700 1 |a Morgenstein, Peter  |u 052120  |k Z2  |4 ths  |U FAD Fakulta architektúry a dizajnu  |T FAD Ústav ekologickej a experimentálnej architektúry  |X 15965  |U A2120  |Y 393  |7 A000015965 
856 4 |u http://is.stuba.sk/zp/portal_zp.pl?podrobnosti=168464